Which Hero in Greek Mythology? Click Quiz - Statistics

General Stats
  • This quiz has been taken 889 times
  • The average score is 14 of 20
Answer Stats
Hint Answer % Correct
Flew too close to the sun Icarus
96%
Fell in love with his reflection Narcissus
93%
Was the greatest of all the Greek warriors during the Trojan War Achilles
85%
Beheaded the Gorgon Medusa Perseus
85%
Carries out labours including cleaning stables and picking apples Heracles
83%
Was the leader of the Argonauts Jason
81%
Is forced to roll a boulder up a hill repeatedly for eternity Sisyphus
79%
Devised the strategy of the Trojan Horse and had an eventful journey home Odysseus
78%
Built beeswax wings and a labyrinth Daedalus
75%
Descended into the underworld to recover his lost wife Orpheus
74%
Slayed the minotaur Theseus
74%
Was the greatest warrior for Troy during the Trojan War Hector
72%
Commanded the Greeks during the Trojan War Agamemnon
70%
Hunted the Calydonian boar and was the only woman among the Argonauts Atalanta
64%
Saved a man by giving him a ball of thread Ariadne
59%
Fled to Italy after the fall of his city, becoming the founding father of Roman civilization Aeneas
54%
Killed the Chimera and tamed Pegasus Bellerophon
54%
Threw himself into the sea thinking that his son was dead Aegeus
47%
Solved the riddle of the Sphinx Oedipus
41%
Fought a dragon and served Ares for 8 years before founding Thebes Cadmus
38%
No matching quizzes found
Score Distribution
Percent of People with Each Score
Percentile by Number Answered
Your Score History
You have not taken this quiz